00423nam a2200169Ia 4500003000400000005001700004008004100021020001500062040000700077041000800084082001700092100002000109245005400129260004100183300001600224365001300240OSt20230328102314.0210423s2002 xx 000 0 und d a8170337275 cAL aeng a820.954 KUOJ aKUORTTI (Joel). aIndian womens writing in english: a bibliography. aNew DelhibReed Elsevier Indiac2002 axvi,383bHB b725cINR